Johnny Orlando Filmography - Statistics

General Stats
  • This quiz has been taken 10 times
  • The average score is 5 of 16
Answer Stats
Type Year Name % Correct
Web Series 2018-2020 Total Eclipse
88%
TV Show 2015-2016 Super Why!
63%
TV Show 2021 Nickelodeon's Unfiltered
50%
Film 2012 Pinocchio
50%
Film 2017 Bunyan and Babe
38%
Short Film 2015 Fading Light
38%
TV Show 2020 The Substitute
38%
TV Show 2018 Bizaardvark
25%
TV Show 2020 For the Record
25%
Web Series 2016 Life of Jacob
25%
Film 2014 The Judge
25%
TV Show 2021 MTV Cribs
13%
Web Series 2018 Baby Doll Records
0%
TV Show 2022 Family Feud Canada
0%
TV Mini-Series 2016 Neighbourhood Eats
0%
Web Series 2015-2018 Wishenproof
0%
No matching quizzes found
Score Distribution
Percent of People with Each Score
Percentile by Number Answered
Your Score History
You have not taken this quiz